| 000 | 02062cas a2200529 a 4500 | ||
|---|---|---|---|
| 001 | 16020627 | ||
| 003 | NUST | ||
| 005 | 20210804095925.0 | ||
| 008 | 091211d19uu2009pk ar p f| 0eng | ||
| 010 | _a 2008329101 | ||
| 015 |
_a014813815 _2dnb |
||
| 016 | 7 |
_a873219--X _2DE-600 |
|
| 016 | 7 |
_a014813815 _2DE-101 |
|
| 016 | 7 |
_a873219x _2DE-600 |
|
| 035 | _a(OCoLC)ocn477143054 | ||
| 038 | _awaseem | ||
| 040 |
_aDLC _beng _cDLC _dDLC _dGBVCP _dOCLCQ _dOCLCF _dDLC _dOCLCA |
||
| 042 | _apcc | ||
| 043 | _aa-pk--- | ||
| 050 | 0 | 0 |
_aHF5686.B65 _bB355 |
| 082 |
_a332.12 _bSBP |
||
| 245 | 0 | 0 |
_aBalance sheet analysis of joint stock companies listed at the Karachi Stock Exchange 1999-2004 / _cEdited by State Bank of Pakistan |
| 260 |
_aKarachi : _bState Bank of Pakistan, |
||
| 300 |
_a705 p. ; _c28 cm. |
||
| 310 | _aAnnual | ||
| 362 | 1 | _aCeased with 2004/2009. | |
| 563 | _aPaperback. | ||
| 588 | _aDescription based on: 1998/2003. | ||
| 588 | _aLatest issue consulted: 2000/2005. | ||
| 590 | _aAcquired via LC overseas office. Islamabad Field Office. Most recent issues may not yet be available in LC Washington. | ||
| 610 | 2 | 0 |
_aKarachi Stock Exchange _vPeriodicals. _981165 |
| 610 | 2 | 7 |
_aKarachi Stock Exchange. _2fast _0(OCoLC)fst00606754 _981166 |
| 650 | 0 |
_aStock companies _zPakistan _xAccounting _vPeriodicals. _981167 |
|
| 650 | 0 |
_aStock companies _zPakistan _vPeriodicals. _981168 |
|
| 650 | 7 |
_aAktiengesellschaft. _2stw _981169 |
|
| 650 | 7 |
_aBilanzanalyse. _2stw _981170 |
|
| 650 | 7 |
_aPakistan. _2stw |
|
| 650 | 7 |
_aStock companies. _2fast _0(OCoLC)fst01133550 _981171 |
|
| 650 | 7 |
_aStock companies _xAccounting. _2fast _0(OCoLC)fst01133551 _981172 |
|
| 651 | 7 |
_aPakistan. _2fast _0(OCoLC)fst01210275 |
|
| 655 | 7 |
_aPeriodicals. _2fast _0(OCoLC)fst01411641 |
|
| 710 | 2 |
_aState Bank of Pakistan. _981173 |
|
| 785 | 0 | 0 |
_tFinancial statements analysis of companies (non-financial) listed at Karachi Stock Exchange _w(OCoLC)918065356 _w(DLC) 2015326896 |
| 906 |
_a7 _bcbc _cserials _d3 _encip _f20 _gn-oclcserc |
||
| 942 |
_2ddc _cBK |
||
| 999 |
_c586072 _d586072 |
||